00534nam a2200193 a 450000500170000000800410001702000180005805000240007624500260010025000130012626000410013930000400018052100100022065000300023065000160026070000230027670000190029970000220031820140310183424.0070925s19uu xx 00 eng d a9780471692386 aRC 454b.Ab153 2007 aAbnormal Psychology / a10th ed. aU.S.A :bJohn Wiley and Sons,c2007. aS-16, 601 p. :bcol. ill. ;c28 cm. aPSYCH aPsychology, Pathological. aPsychiatry. aDavison, Gerald C. aNeale, John M. aJohnson, Sheri L.